LEADER 01202nam a2200289 4500 001 000000349608 003 CaOOAMICUS 005 20220406144243.0 008 220314s2020 it 000 u ita r 020 $a978-88-97455-42-4 040 $aSeMil$bita 100 1 $aScalfi, Romano,$c.$0(OLS)http://semarc/name/89208 245 10$aCristo in mezzo a noi /$cRomano Scalfi. 264 1$aSeriate (BG) :$bCasa di matriona - Itaca,$c2020. 300 $a214 p. ;$c21 cm 490 1 $aOmelie e catechesi ;$v1 541 0 $aOmaggio mons. Mario Delpini (3G III 454) 650 4$aScalfi, Romano - Omelie.$0(OLS)http://semarc/subject/51929 830 0$aOmelie e catechesi ;$v1.$0(OLS)http://semarc/title/439212 850 $aSeMil 852 $aSeMil$W1$xVenegono$y1$m3G III 454$j232300$B240661$CSeMilBibl$Z2$F240661 $81 941 1 $a7 961 $aOmaggio mons. Mario Delpini 996 $6020$a978-88-97455-42-4$9(OLS)http://semarc/number/295387 996 $6245$aCristo in mezzo a noi$9(OLS)http://semarc/title/439213 996 $6264$aSeriate (BG) :$bCasa di matriona - Itaca$9(OLS)http://semarc/publisher/60340 LEADER 00773nam a2200181 i 4500 001 000000222313 003 CaOOAMICUS 005 20131004000000.0 008 131004s1785 it u000 u fre u 013 $a201210 026 $aE.ET onez e.ia NeQu (3) 1785 (A) 040 $aSeMil$bita 245 10$a[Lettres du roi de Prusse et de M. de Voltaire. Tome 4.]. 300 $a[4], 451, [1] p. 773 0 $aVoltaire <1694-1778>$tOeuvres completes de Voltaire. Tome 1. [-92.].$d[Kehl] : De l'Imprimerie de la Société Littéraire-typographique, 1785-1789.$g87$w()4088 850 $aSeMil 852 $aSeMil$W1$xVenegono$y1$m2Q IV 162 FA$j172659$B172659$CSeMilBibl$Z2$F183837 $8I 996 $6245$a[Lettres du roi de Prusse et de M. de Voltaire. Tome 4.]$9(OLS)http://semarc/title/318631